Liste des capitales contenant exactement 4 lettres - Statistiques

Statistiques générales
  • Ce quiz a été pris 504 fois
  • Le résultat moyen est 7 sur 11
Statistiques - réponses
Capitale % Correct
Lima
79%
Lomé
75%
Oslo
75%
Rome
73%
Riga
72%
Dili
64%
Doha
62%
Kiev
61%
Malé
58%
Apia
54%
Suva
53%
Aucun quiz correspondant
Distribution des résultats
% des personnes avec chaque résultat
Percentile par nombre de réponses
Votre historique - résultats
Vous n’avez pas pris ce quiz